000 00635nam a22002417a 4500
001 75210
003 UA-OsUOA
005 20210323141926.0
007 ta
008 20110512b un ||||| |||| 00| 0 ukr d
020 _a9665082930
040 _aUA-OsUOA
_brus
_cUA-OsUOA
_dUA-OsUOA
041 _arus
080 _a821.161.1-1
090 _a821.161.1-1
_bБ53
100 _aБессонов П. А.
245 _aИзбранное. Стихи
260 _aДонецк
_bЛебедь
_c2006
300 _a184 с.
650 7 _a82 Література. Літературознавство
_2UDC
942 _cBK
_2udc
955 _a3
999 _c361506
_d361506